Egy település a Losonci-medence közelében
Elmentve itt :
| Szerző: | |
|---|---|
| További közreműködők: | |
| Dokumentumtípus: | Szakdolgozat |
| Megjelent: |
2000
|
| Tárgyszavak: | |
| Online Access: | http://diploma.bibl.u-szeged.hu/114273 |
| LEADER | 00587nta a2200169 i 4500 | ||
|---|---|---|---|
| 001 | dipl114273 | ||
| 005 | 20210517062712.0 | ||
| 008 | 210430s2000 hu om 0|| zxx d | ||
| 040 | |a SZTE Diploma Repozitórium |b hun | ||
| 041 | |a zxx | ||
| 100 | 1 | |a Sisa Tibor | |
| 245 | 1 | 0 | |a Egy település a Losonci-medence közelében |h [elektronikus dokumentum] / |c Tibor Sisa |
| 260 | |c 2000 | ||
| 650 | 4 | |a Természettudományok | |
| 650 | 4 | |a Earth and related environmental sciences | |
| 700 | 1 | |a Pál Viktor |e ths | |
| 856 | 4 | 0 | |u http://diploma.bibl.u-szeged.hu/id/eprint/114273/1/2000_sisa_tibor.pdf |z Dokumentum-elérés |